Informačné systémy podniku praktikum
Gespeichert in:
| 1. Verfasser: | |
|---|---|
| Körperschaft: | |
| Weitere Verfasser: | , |
| Format: | Buch |
| Sprache: | Slowakisch |
| Veröffentlicht: |
Bratislava
Vysoká škola ekonomická
1983
|
| Tags: |
Keine Tags, Fügen Sie das erste Tag hinzu!
|
MARC
| LEADER | 00000nam a2200000 4500 | ||
|---|---|---|---|
| 001 | c132217 | ||
| 005 | 20230116104608.5 | ||
| 041 | 0 | |a slo | |
| 044 | |a SK | ||
| 245 | 1 | 0 | |a Informačné systémy podniku |b praktikum |c František Kobyda, Koloman Ivanička, E. Štrbová |
| 264 | 1 | |a Bratislava |b Vysoká škola ekonomická |c 1983 | |
| 300 | |a 115 s. | ||
| 100 | 1 | |a Kobyda, František | |
| 700 | 1 | |a Ivanička, Koloman | |
| 700 | 1 | |a Štrbová, Eva | |
| 710 | 2 | |a Vysoká škola ekonomická v Bratislave. Fakulta ekonomiky a riadenia výrobných odvetví | |